| 000 | 00643nam a2200205Ia 4500 | ||
|---|---|---|---|
| 003 | OSt | ||
| 005 | 20240810093351.0 | ||
| 008 | 210719s2019 xx 000 0 und d | ||
| 040 | _cAL | ||
| 041 | _akan | ||
| 082 | _a070.172K RAOK | ||
| 100 |
_aRAO (M Baskara): ರಾವ್ (ಎಂ ಭಾಸ್ಕರ) _9175963 |
||
| 245 |
_aKannada patramala:konkani lekana maala: _bಕನ್ನಡ ಪತ್ರಮಾಲ: ಕೊಂಕಣಿ ಲೇಖನ ಮಾಲ |
||
| 260 |
_aMangaluru _c2019 |
||
| 300 |
_a88 _bPB |
||
| 365 |
_b125 _cRs |
||
| 650 |
_aJournalism _9175964 |
||
| 906 | _aKannada ; lekana ; maala ; patramala:konkani | ||
| 942 |
_2ddc _cBK |
||
| 999 |
_c215921 _d215921 |
||